Normal view
MARC view
Entry Topical Term
001 - CONTROL NUMBER
- control field: 13039
003 - CONTROL NUMBER IDENTIFIER
- control field: BD-RjUL
005 - DATE AND TIME OF LATEST TRANSACTION
- control field: 20240516151220.0
008 - FIXED-LENGTH DATA ELEMENTS
- fixed length control field: 240516|| aca||aabn | a|a d
040 ## - CATALOGING SOURCE
- Original cataloging agency: BD-RjUL
- Transcribing agency: BD-RjUL
150 ## - HEADING--TOPICAL TERM
- Topical term or geographic name entry element: Prawn
- Form subdivision: Freshwater
670 ## - SOURCE DATA FOUND
- Source citation: Work cat.: (BD-RjUL)83759: Ahmed, Sheikh Saad 13038, Development of Suitable Methods for Culture of Freshwater Prawn, Macrobrachium MalcolmsonII /, 2003